00635 a2200193 450000100060000002000150000604000240002110000330004524000360007824500310011430000120014536200090015744000120016665000310017894200070020995201040021695201040032099900170042469975 a8516031640 cAnchieta - Itaigara aQueirós, Bartolomeu Campos10aOnde tem bruxa tem fada...lpor10aOnde tem bruxa tem fada... a29[3p.]0 a2002 1aModerna 4aLiteratura infanto-juvenil cBK 00104070a88.1b88.1d2023-11-21l0o028.5 QUE ONDp2911/ITAr2023-11-21 20:04:47w2023-11-21yBK 00104070a88.1b88.1d2023-11-21l0o028.5 QUE ONDp2912/ITAr2023-11-21 20:04:47w2023-11-21yBK c69975d69975